Textbook of physiology
Bewaard in:
| Hoofdauteur: | |
|---|---|
| Formaat: | Boek |
| Taal: | Engels |
| Gepubliceerd in: |
CBS Publishers
2019
|
| Tags: |
Voeg label toe
Geen labels, Wees de eerste die dit record labelt!
|
MARC
| LEADER | 00000nam a22000007a 4500 | ||
|---|---|---|---|
| 008 | 210914b ||||| |||| 00| 0 eng d | ||
| 020 | |a 9789388108393 | ||
| 100 | |a SATHYA P. | ||
| 245 | |a Textbook of physiology |c P.Sathya and Viji Devanand |g xiv, 529p. | ||
| 250 | |b 2nd edition | ||
| 260 | |b CBS Publishers |c 2019 |h New Delhi |i 696844 |i 696845 |l QP 34 . SA1 |m Human pshchology | ||
| 500 | |a It includes index | ||
| 942 | |a lcc |c BK |e ADEYEYE Y. S. |f 14 - 09 - 2021 | ||
| 952 | |0 0 |1 0 |2 lcc |4 0 |6 QP0034 S A1 |7 0 |9 3559 |a HOL |b HOL |c QZ |d 2021-09-14 |l 0 |o QP 34 . SA1 |p 2021-67290 |r 2021-09-14 00:00:00 |w 2021-09-14 |y BK | ||
| 952 | |0 0 |1 0 |2 lcc |4 0 |7 0 |9 3560 |a HOL |b HE |c QZ |d 2021-09-14 |o QP 34 . SA1 |p 2021-67291 |r 2021-09-14 00:00:00 |w 2021-09-14 |y BK | ||
| 999 | |c 1763 |d 1763 | ||